00438nam a2200121Ia 45000010005000000080041000050820029000461000095000752450080001702600024002509010027002749990015003013189241024s9999 xx 000 0 und d aRD/371.1/R426c/2011-2012 aRepública Dominicana. Ministerio de Educación. Dirección General de Recursos Humanos 0aCantidad de plazas docentes vacantes para concursar año escolar 2011-2012 bSanto Domingpc2012 a4/9/2013 11:47:07 a.m. c8895d8895